<?xml version="1.0" encoding="UTF-8"?>
<record
    xmlns:xsi="http://www.w3.org/2001/XMLSchema-instance"
    xsi:schemaLocation="http://www.loc.gov/MARC21/slim http://www.loc.gov/standards/marcxml/schema/MARC21slim.xsd"
    xmlns="http://www.loc.gov/MARC21/slim">

  <leader>03153cam a22003854i 4500</leader>
  <controlfield tag="003">PE-LiUPU</controlfield>
  <controlfield tag="005">20250731173035.0</controlfield>
  <controlfield tag="008">171211s1963    ag a    r     000 0 spa d</controlfield>
  <datafield tag="035" ind1=" " ind2=" ">
    <subfield code="a">(Sirsi) a240384</subfield>
  </datafield>
  <datafield tag="040" ind1=" " ind2=" ">
    <subfield code="a">PE-LiUPU</subfield>
    <subfield code="b">spa</subfield>
    <subfield code="c">PE-LiUPU</subfield>
    <subfield code="d">PE-LiUPU</subfield>
    <subfield code="e">rda</subfield>
  </datafield>
  <datafield tag="049" ind1=" " ind2=" ">
    <subfield code="a">PRUA</subfield>
  </datafield>
  <datafield tag="082" ind1="0" ind2="4">
    <subfield code="a">286.7092</subfield>
    <subfield code="b">A837h</subfield>
    <subfield code="2">20</subfield>
  </datafield>
  <datafield tag="110" ind1="1" ind2=" ">
    <subfield code="a">Asociaci&#xF3;n General de la Iglesia Adventista,</subfield>
    <subfield code="e">autor.</subfield>
  </datafield>
  <datafield tag="245" ind1="1" ind2="3">
    <subfield code="a">La Historia de Nuestra Iglesia /</subfield>
    <subfield code="c">Asociaci&#xF3;n General de la Iglesia Adventista.</subfield>
  </datafield>
  <datafield tag="250" ind1=" " ind2=" ">
    <subfield code="a">Primera edici&#xF3;n.</subfield>
  </datafield>
  <datafield tag="264" ind1=" " ind2="1">
    <subfield code="a">Argentina :</subfield>
    <subfield code="b">Asociaci&#xF3;n casa editora sudamericana,</subfield>
    <subfield code="c">1963.</subfield>
  </datafield>
  <datafield tag="300" ind1=" " ind2=" ">
    <subfield code="a">454 p&#xE1;ginas :</subfield>
    <subfield code="b">ilustraciones ;</subfield>
    <subfield code="c">22 centimetros</subfield>
  </datafield>
  <datafield tag="505" ind1="0" ind2=" ">
    <subfield code="a">Nuestra iglesia actual -- La iglesia -- Servimos al mundo -- El mensaje que proclamamos -- La manera como trabajamos -- La iglesia local -- Actividades de la iglesia -- La asociaci&#xF3;n local -- Los m&#xE9;todos que utilizamos -- Como un ej&#xE9;rcito poderoso -- trabajando juntos -- El drama de los siglos -- La iglesia del antiguo testamento -- La iglesia del nuevo testamento -- La iglesia en tinieblas -- Brilla una luz -- Preludios de la reforma -- La reforma protestante -- La iglesia de am&#xE9;rica -- Misioneros protestantes -- Los mensajes de los tres &#xE1;ngeles -- El mensaje del primer &#xE1;ngel -- Guillermo Miller -- Otros predicadores adventistas en Am&#xE9;rica -- El mensaje del primer &#xE1;ngel en Europa -- El mensaje del primer &#xE1;ngel en otros pa&#xED;ses -- El mensaje del segundo &#xE1;ngel -- El chasco de 1844 -- Empieza el mensaje del tercer &#xE1;ngel -- El don de Dios a su pueblo -- Elena G. de White -- Jos&#xE9; Bates -- Jaime White -- La Iglesia Adventista del S&#xE9;ptimo D&#xED;a -- Se organiza la iglesia -- Se establecen s&#xF3;lidos reglamentos de orden econ&#xF3;mico -- Los congresos de entonces y los de ahora -- Lobos vestidos de ovejas -- El congreso general de 1888 -- El congreso general de 1901 -- El traslado a Washington -- El evangelio a todo el mundo -- El llamado de Europa -- Un llamado del &#xC1;frica -- En la lejana Australia -- Las Islas de los Mares del Sur -- El mensaje en Sudam&#xE9;rica -- Entrando en el Oriente -- El Asia Meridional - Interamericana -- El Medio Oriente -- Progresos en Europa -- Desarrollo de la organizaci&#xF3;n -- La obra de publicaciones -- La iglesia en estudio -- La preparaci&#xF3;n de los mensajeros -- Las publicaciones White, la asociaci&#xF3;n ministerial y el seminario -- La obrera pro salud -- El colegio de m&#xE9;dicos evangelistas (nuestra universidad de Loma Linda) -- Libertad religiosa -- Los misioneros voluntarios -- La obra de temperancia -- Los laicos -- Ayuda material -- Radio y televisi&#xF3;n -- La iglesia del ma&#xF1;ana -- Oportunidades para servir.</subfield>
  </datafield>
  <datafield tag="526" ind1=" " ind2=" ">
    <subfield code="a">SEG42</subfield>
  </datafield>
  <datafield tag="526" ind1=" " ind2=" ">
    <subfield code="a">SEG41</subfield>
  </datafield>
  <datafield tag="526" ind1=" " ind2=" ">
    <subfield code="a">SEG40</subfield>
  </datafield>
  <datafield tag="526" ind1=" " ind2=" ">
    <subfield code="a">SEG39</subfield>
  </datafield>
  <datafield tag="526" ind1=" " ind2=" ">
    <subfield code="a">P94</subfield>
  </datafield>
  <datafield tag="526" ind1=" " ind2=" ">
    <subfield code="a">P87</subfield>
  </datafield>
  <datafield tag="526" ind1=" " ind2=" ">
    <subfield code="a">P86</subfield>
  </datafield>
  <datafield tag="526" ind1=" " ind2=" ">
    <subfield code="a">P85</subfield>
  </datafield>
  <datafield tag="526" ind1=" " ind2=" ">
    <subfield code="a">P77</subfield>
  </datafield>
  <datafield tag="526" ind1=" " ind2=" ">
    <subfield code="a">P76</subfield>
  </datafield>
  <datafield tag="526" ind1=" " ind2=" ">
    <subfield code="a">P35</subfield>
  </datafield>
  <datafield tag="650" ind1="0" ind2="4">
    <subfield code="a">Iglesia Adventista del S&#xE9;ptimo D&#xED;a</subfield>
    <subfield code="x">Historia.</subfield>
  </datafield>
  <datafield tag="942" ind1=" " ind2=" ">
    <subfield code="2">ddc</subfield>
    <subfield code="c">BK</subfield>
    <subfield code="n">0</subfield>
  </datafield>
  <datafield tag="980" ind1=" " ind2=" ">
    <subfield code="8">1</subfield>
    <subfield code="g">ALBERTO SANCHEZ Responsable de Automatizaci&#xF3;n</subfield>
  </datafield>
  <datafield tag="999" ind1=" " ind2=" ">
    <subfield code="c">26048</subfield>
    <subfield code="d">26048</subfield>
  </datafield>
  <datafield tag="952" ind1=" " ind2=" ">
    <subfield code="r">2025-12-02 00:00:00</subfield>
    <subfield code="i">6</subfield>
    <subfield code="l">13</subfield>
    <subfield code="o">286.7092 A837h</subfield>
    <subfield code="p">79128</subfield>
    <subfield code="s">2025-11-04</subfield>
    <subfield code="t">e1</subfield>
    <subfield code="v">55.00</subfield>
    <subfield code="w">2018-09-03</subfield>
    <subfield code="x">FT</subfield>
    <subfield code="y">BK</subfield>
    <subfield code="z">inventario-2023-12-13</subfield>
    <subfield code="1">0</subfield>
    <subfield code="2">ddc</subfield>
    <subfield code="5">0</subfield>
    <subfield code="7">0</subfield>
    <subfield code="8">GEN</subfield>
    <subfield code="f">P35</subfield>
    <subfield code="a">BUL</subfield>
    <subfield code="b">BUL</subfield>
    <subfield code="c">GEN</subfield>
    <subfield code="d">2018-09-03</subfield>
    <subfield code="e">COMPRA</subfield>
    <subfield code="g">50.00</subfield>
  </datafield>
  <datafield tag="952" ind1=" " ind2=" ">
    <subfield code="r">2025-12-02 00:00:00</subfield>
    <subfield code="l">1</subfield>
    <subfield code="o">286.7092 A837h</subfield>
    <subfield code="p">81489</subfield>
    <subfield code="s">2025-03-27</subfield>
    <subfield code="t">e2</subfield>
    <subfield code="w">2023-06-27</subfield>
    <subfield code="x">FT</subfield>
    <subfield code="y">BK</subfield>
    <subfield code="z">inventario-2023-12-13</subfield>
    <subfield code="1">0</subfield>
    <subfield code="2">ddc</subfield>
    <subfield code="5">0</subfield>
    <subfield code="7">0</subfield>
    <subfield code="8">GEN</subfield>
    <subfield code="f">P35</subfield>
    <subfield code="a">BUL</subfield>
    <subfield code="b">BUL</subfield>
    <subfield code="c">GEN</subfield>
    <subfield code="d">2023-06-27</subfield>
    <subfield code="e">Donaci&#xF3;n</subfield>
  </datafield>
</record>
